Guess the movies by the actors and actresses - Statistics

General Stats
  • This quiz has been taken 83 times
  • The average score is 6 of 15
Answer Stats
Hint Answer % Correct
Christian Bale, Heath Ledger and Morgan Freeman The dark knight
76%
Matthew McConaughey, Timothee Chalamet and Matt Damon Interstellar
63%
Timothee Chalamet, Steve Carell and Amy Ryan Beautiful boy
52%
Brad Pitt, Helena Bonham Carter and Jared Leto Fight club
51%
Brad Pitt, Morgan Freeman, Gwyneth Paltrow Seven
51%
Rosamund Pike, Ben Affleck and Neil Patrick Harris Gone girl
48%
Paul Dano,Colin Farrell and Jeffrey Wright The batman
45%
Jim Carey, Laura Linney and Ed Harris The truman show
42%
Joseph Gordan-Levitt, Tom Hardy and Elliot Page Inception
39%
Jake Gyllenhaal, Hugh Jackman and Paul Dano Prisoners
39%
Jnah Hill, Christopher Mintz-Plasse and Bill Hader Superbad
31%
Helena Boham Carter, Johnny Depp and Danny Elfman Corpse bride
20%
Jake Gyllenhaal, Rene Russo and Riz Ahmed Nightcrawler
17%
Kirsten Dunst, Josh Hartnett and Leslie Hayman The virgin suicides
15%
Kirsten Dunst, Jason Schwartzman and Rose Byrne Marie Antoinette
8%
No matching quizzes found
Score Distribution
Percent of People with Each Score
Percentile by Number Answered
Your Score History
You have not taken this quiz